Aplikácia vybraných metód manažmmentu a marketingu v praxi prípadové štúdie
Saved in:
| Main Author: | |
|---|---|
| Other Authors: | , , , , |
| Format: | Book |
| Language: | Slovak |
| Published: |
Košice
INTER M & K
2019
|
| Edition: | 1. vydanie |
| Tags: |
No Tags, Be the first to tag this record!
|
MARC
| LEADER | 00000nam a2200000 4500 | ||
|---|---|---|---|
| 001 | 0297270 | ||
| 005 | 20250128073534.1 | ||
| 020 | |a 978-80-970118-7-1 | ||
| 041 | 0 | |a slo | |
| 044 | |a SK | ||
| 245 | 1 | 0 | |a Aplikácia vybraných metód manažmmentu a marketingu v praxi |b prípadové štúdie |c Mária Janošková, Adriana Csikósová, Katarína Čulková, Katarína Teplická ; recenzenti: Jaroslava Kádárová, Bohuslava Mihalčová |
| 250 | |a 1. vydanie | ||
| 264 | 1 | |a Košice |b INTER M & K |c 2019 | |
| 300 | |a 103 s. | ||
| 100 | 1 | |a Janošková, Mária, 1965- | |
| 700 | 1 | |a Csikósová, Adriana | |
| 700 | 1 | |a Čulková, Katarína | |
| 700 | 1 | |a Teplická, Katarína | |
| 700 | 1 | |a Kádárová, Jaroslava | |
| 700 | 1 | |a Mihalčová, Bohuslava, 1963- | |